| 000 | 01848nam a22001937a 4500 | ||
|---|---|---|---|
| 005 | 20251218124130.0 | ||
| 020 | _a9789356433496 | ||
| 082 | _a920 JOS | ||
| 100 |
_aJoseph Annamkutty Jose _91181 |
||
| 245 | _aSneham Kamam Bhranthu_Malayalam | ||
| 250 | _a1 | ||
| 260 |
_aDC Books _bKottayam _c2025 |
||
| 300 | _aNumber of pages : 296 | ||
| 500 | _aCategory : Short Stories, Articles & Jottings | ||
| 520 | _aചുരുങ്ങിയകാലംകൊണ്ട് ഒരുലക്ഷത്തിലധികം കോപ്പികൾ വിറ്റഴിഞ്ഞ ദൈവത്തിന്റെ ചാരന്മാർ എന്ന പുസ്തകത്തിനു ശേഷം ജോസഫ് അന്നംകുട്ടി ജോസിന്റെ ഏറ്റവും പുതിയ പുസ്തകം. ഉള്ളിൽ പിറവിയെടുത്ത ആശയങ്ങളെ പച്ചയായി അവതരിപ്പിക്കുന്ന ഈ പുസ്തകത്തിലെ ഓരോ കഥകളിലെയും കഥാപാത്രങ്ങൾ നമുക്കുള്ളിലുളളവരാകാം, നമുക്ക് പ്രിയപ്പെട്ടവരാകാം. ഇതിലെ ചില കഥാപാത്രങ്ങളെ നിങ്ങൾ നെഞ്ചോട് ചേർത്തേക്കാം, ചിലർ നിങ്ങളിലെ ഭ്രാന്തിന് കൂട്ടായി മാറിയേക്കാം, ചിലരുടെ പാദങ്ങളിൽ വീണ് നമസ്കരിച്ചേക്കാം, മറ്റു ചിലരെ നിങ്ങൾക്ക് മനസ്സിലാകാതെ പോയേക്കാം. | ||
| 546 | _aLanguage : Malayalam | ||
| 650 |
_aGEN _92 |
||
| 942 | _cBK | ||
| 999 |
_c38094 _d38094 |
||